[Event "ODEM U25B 2011"]
[Site "Oberhof GER"]
[Date "2011.06.15"]
[Round "6"]
[White "Scholz, Richard"]
[Black "Binner, Jule"]
[Result "1-0"]
[Termination "normal"]
[Board "29"]
[WhiteElo "1097"]
[BlackElo "831"]
[PlyCount "43"]
[BlackFideId "16205332"]
[EventCountry "GER"]
[EventRounds "9"]
[EventType "swiss"]
[EventDate "2011.06.11"]

1. e4 c5 2. Nf3 d6 3. d4 cxd4 4. Nxd4 a6 5. Nc3 e6 6. Bd3 b5 7. Be3 Bb7 8. O-O
Be7 9. f4 Nc6 10. Nxc6 Bxc6 11. Qg4 Bf6 12. Bd2 Bd4+ 13. Kh1 Ne7 14. f5 exf5
15. exf5 Qc7 16. Qxd4 f6 17. Rae1 Qb7 18. Be4 Bxe4 19. Nxe4 Qc6 20. Nxd6+ Kf8
21. Bh6 Rg8 22. Qxf6# 1-0

[Event "ODEM U25B 2011"]
[Site "Oberhof GER"]
[Date "2011.06.15"]
[Round "6"]
[White "Michalowski, Melina"]
[Black "Jansen, Nina"]
[Result "0-1"]
[Termination "normal"]
[Board "30"]
[WhiteElo "1184"]
[BlackElo "1478"]
[PlyCount "62"]
[WhiteFideId "12902462"]
[BlackFideId "12934500"]
[EventCountry "GER"]
[EventRounds "9"]
[EventType "swiss"]
[EventDate "2011.06.11"]

1. d4 d5 2. c4 dxc4 3. e4 e5 4. d5 Nf6 5. Nc3 Bc5 6. h3 O-O 7. Nf3 Nbd7 8. Bxc4
a6 9. Bg5 Be7 10. O-O b5 11. Bb3 Bb7 12. a3 h6 13. Bh4 Ne8 14. Bg3 Nc5 15. Bxe5
Bd6 16. Bd4 Nxb3 17. Qxb3 c6 18. dxc6 Bxc6 19. Rfe1 Be7 20. Rad1 Qc8 21. Ne5
Bb7 22. Ng6 Kh7 23. Nxf8+ Bxf8 24. Qxf7 Nd6 25. Qf4 Nc4 26. Nd5 Bxd5 27. exd5
Bd6 28. Qf5+ Qxf5 29. Bc3 Rf8 30. Rf1 Qf4 31. Rd4 Qh2# 0-1

[Event "ODEM U25B 2011"]
[Site "Oberhof GER"]
[Date "2011.06.15"]
[Round "6"]
[White "Hoffmann, Rasmus"]
[Black "Michalowski, Sophia"]
[Result "1/2-1/2"]
[Termination "normal"]
[Board "31"]
[WhiteElo "990"]
[BlackElo "1014"]
[PlyCount "47"]
[BlackFideId "12902454"]
[EventCountry "GER"]
[EventRounds "9"]
[EventType "swiss"]
[EventDate "2011.06.11"]

1. e4 d5 2. Nc3 d4 3. Nce2 e5 4. Ng3 Nc6 5. Bc4 Nf6 6. d3 Na5 7. Bb3 Nxb3 8.
axb3 Bb4+ 9. Bd2 Bxd2+ 10. Qxd2 O-O 11. N1e2 Bd7 12. O-O Qe7 13. Nf5 Bxf5 14.
exf5 Nh5 15. Ng3 Nf4 16. Ne4 Qd7 17. f6 Qg4 18. g3 Ne2+ 19. Kg2 Nf4+ 20. Kg1
Ne2+ 21. Kg2 Nf4+ 22. Kg1 Ne2+ 23. Kg2 Nf4+ 24. Kg1 1/2-1/2

[Event "ODEM U25B 2011"]
[Site "Oberhof GER"]
[Date "2011.06.15"]
[Round "6"]
[White "Lilienthal, Niels Bennett"]
[Black "Hölzer, Jeanette"]
[Result "0-1"]
[Termination "normal"]
[Board "32"]
[WhiteElo "853"]
[BlackElo "1108"]
[PlyCount "56"]
[WhiteFideId "16205421"]
[BlackFideId "12917982"]
[EventCountry "GER"]
[EventRounds "9"]
[EventType "swiss"]
[EventDate "2011.06.11"]

1. e4 e5 2. Nf3 Nc6 3. Bb5 a6 4. Bxc6 dxc6 5. O-O Bg4 6. h3 h5 7. Nc3 Qf6 8. d4
Bxf3 9. gxf3 exd4 10. Ne2 O-O-O 11. c4 dxc3 12. Qc2 Qxf3 13. Nxc3 Qxh3 14. e5
Bc5 15. Re1 Qg3+ 16. Kf1 Qd3+ 17. Qxd3 Rxd3 18. Ke2 Rd7 19. Bf4 Ne7 20. Ne4 Bd4
21. Rab1 Ng6 22. Bg5 Nxe5 23. f4 Nc4 24. b3 Nd6 25. Ng3 Rg8 26. Kd3 Nb5 27. a4
Na3 28. Rbc1 Bf2+ 0-1

[Event "ODEM U25B 2011"]
[Site "Oberhof GER"]
[Date "2011.06.15"]
[Round "6"]
[White "Holle, Niklas"]
[Black "Riehle, Fabio"]
[Result "1-0"]
[Termination "normal"]
[Board "34"]
[WhiteElo "1060"]
[BlackElo "808"]
[PlyCount "131"]
[BlackFideId "36052140"]
[EventCountry "GER"]
[EventRounds "9"]
[EventType "swiss"]
[EventDate "2011.06.11"]

1. e4 e5 2. Nf3 Nc6 3. d4 exd4 4. Nxd4 Bc5 5. Be3 Qf6 6. Nc3 Nxd4 7. Nd5 Qc6 8.
Bxd4 Nf6 9. Nxf6+ gxf6 10. Bc3 Qxe4+ 11. Qe2 Qxe2+ 12. Bxe2 Rg8 13. g3 d5 14.
Bf3 Bf5 15. O-O-O Be4 16. Rhe1 f5 17. Bh5 Bxf2 18. Re2 Bc5 19. Be5 O-O-O 20.
Bf6 Rd6 21. Be7 Rc6 22. Bxc5 Rxc5 23. Rde1 Rc4 24. Bxf7 Rd8 25. Be6+ Kb8 26. b3
Rc6 27. Bf7 a6 28. Bh5 Re6 29. g4 fxg4 30. Bxg4 Re5 31. c4 Rde8 32. cxd5 Ka7
33. Be6 c6 34. Rxe4 Rxe4 35. Rxe4 cxd5 36. Bxd5 Rc8+ 37. Kb2 Rd8 38. Re5 Kb6
39. Ka3 Rc8 40. Re7 Rc7 41. Rxc7 Kxc7 42. Be4 h5 43. h4 b5 44. Bg6 Kc6 45. Bxh5
Kc5 46. Be8 b4+ 47. Ka4 Kd6 48. h5 Ke7 49. Bg6 Kf6 50. Kxb4 Kg5 51. Ka5 Kh6 52.
Kxa6 Kg5 53. Kb6 Kh6 54. Kc6 Kg5 55. a4 Kh6 56. b4 Kg7 57. b5 Kh6 58. a5 Kg5
59. b6 Kh6 60. b7 Kg5 61. a6 Kh6 62. a7 Kg5 63. a8=Q Kh6 64. b8=Q Kg7 65. Qe5+
Kh6 66. Qf8# {laut beiden Partieformularen folgte hier jedoch Df6 mit Patt} 1-0

[Event "ODEM U25B 2011"]
[Site "Oberhof GER"]
[Date "2011.06.15"]
[Round "6"]
[White "Schumacher, Aaron"]
[Black "Eggert, Daniela"]
[Result "1-0"]
[Termination "normal"]
[Board "35"]
[WhiteElo "788"]
[BlackElo "1041"]
[PlyCount "129"]
[BlackFideId "12991490"]
[EventCountry "GER"]
[EventRounds "9"]
[EventType "swiss"]
[EventDate "2011.06.11"]

1. d4 d5 2. Bf4 Nc6 3. e3 Nf6 4. c3 Bd7 5. Bd3 e6 6. Nf3 Be7 7. Nbd2 O-O 8. Rc1
Na5 9. Bb1 Bb5 10. Qc2 Bd6 11. Bg3 Nc6 12. Bh4 g6 13. Ng5 h6 14. Nxe6 Qe7 15.
Nxf8 Rxf8 16. e4 g5 17. Bg3 Bxg3 18. hxg3 Ng4 19. c4 dxc4 20. Nxc4 Nxd4 21. Qd3
c5 22. e5 f6 23. f3 Nxe5 24. Qe3 Re8 25. Nxe5 Qxe5 26. Qxe5 Rxe5+ 27. Be4 Bd3
28. Kd2 Bxe4 29. fxe4 Rxe4 30. Kd3 Rg4 31. Rxc5 Ne6 32. Rc8+ Kg7 33. Re1 Rxg3+
34. Re3 Rxe3+ 35. Kxe3 f5 36. Re8 Nf4 37. g3 Kf7 38. Rb8 Nd5+ 39. Kf3 g4+ 40.
Kf2 b6 41. Rb7+ Ke6 42. Rxa7 f4 43. gxf4 Nxf4 44. Kg3 Kf5 45. Rf7+ Ke4 46.
Rxf4+ Kd3 47. Rxg4 Kc2 48. b3 Kb2 49. Ra4 b5 50. Rb4 Kxa2 51. Rxb5 Ka3 52. Kh4
Kb2 53. Kh5 Kc2 54. Kxh6 Kc3 55. Kg6 Kd4 56. Kf6 Kc3 57. Ke6 Kd3 58. Rc5 Kd4
59. Kd6 Ke4 60. b4 Kd4 61. b5 Ke4 62. b6 Kd4 63. b7 Ke4 64. b8=Q Kd4 65. Qb4+
1-0